000 00510nam a2200193Ia 4500
005 20260120131236.0
008 008 260114s9999 xx 000 0 eng d
020 _a9780191778971
037 _aEBOOK
040 _aCRL
_beng
_cCRL
041 _aeng
_2eng
084 _qCRL
100 _aHarris
_9924647
245 4 _aThe Great Fear
260 _bOxford University PressOxford University Press
_c2016
856 _uhttps://academic.oup.com/book/6046
942 _cEBOOK
999 _c1516561
_d1516561